[Event "FRA-chT U20"]
[Site "Marseille"]
[Date "2013.12.07"]
[Round "?"]
[White "Alinc, Dimitri"]
[Black "Malassagne, Isabelle"]
[Result "0-1"]
[WhiteElo "1648"]
[BlackElo "2043"]
[PlyCount "40"]
[EventDate "2013.12.07"]
[EventType "team-match"]
[EventRounds "5"]
[EventCountry "FRA"]
[SourceTitle "EXT 2015"]
[Source "ChessBase"]
[SourceDate "2014.11.20"]
[SourceVersion "1"]
[SourceVersionDate "2014.11.20"]
[SourceQuality "1"]

1. e4 e5 2. Nf3 Nc6 3. Bc4 Bc5 4. c3 Nf6 5. d4 exd4 6. cxd4 Bb4+ 7. Nc3 Nxe4 8. 0-0 Bxc3 9. d5 Bf6 10. Re1 Ne7 11. Rxe4 d6 12. g4 h6 13. h4 Qd7 14. g5 hxg5 15. Bxg5 b5 16. Bb3 Bb7 17. Qe2 0-0-0 18. Rxe7 Bxe7 19. Qxe7 Qg4+ 20. Kf1 Qxf3 0-1

[Event "Cap d'Agde CCAS op"]
[Site "Cap d'Agde"]
[Date "2013.10.26"]
[Round "7"]
[White "Alexieva, Silvia"]
[Black "Malassagne, Isabelle"]
[Result "1/2-1/2"]
[WhiteElo "2292"]
[BlackElo "2009"]
[PlyCount "51"]
[EventDate "2013.10.26"]
[EventType "swiss"]
[EventRounds "9"]
[EventCountry "FRA"]
[SourceTitle "EXT 2016"]
[Source "ChessBase"]
[SourceDate "2015.10.08"]
[SourceVersion "1"]
[SourceVersionDate "2015.10.08"]
[SourceQuality "1"]

1. c4 c5 2. Nc3 b6 3. a3 Bb7 4. b4 d6 5. e3 g6 6. Bb2 Bg7 7. Nf3 Nf6 8. Be2 0-0 9. 0-0 Nbd7 10. d4 Rc8 11. Qb3 Qc7 12. d5 cxb4 13. axb4 a6 14. Rfc1 Qb8 15. Nd4 Rfe8 16. f4 e6 17. Bf3 exd5 18. Nxd5 b5 19. cxb5 axb5 20. Nxf6+ Nxf6 21. Nc6 Bxc6 22. Bxc6 Rf8 23. Bd4 Nh5 24. Qb2 Qb6 25. Bd7 Bxd4 26. Qxd4 1/2-1/2